Porovnanie cieľov v strategických dokumentoch dvoch vybraných štátov V4 v oblasti čerpania finančnej pomoci z EÚ bakalárska práca

Salvato in:
Dettagli Bibliografici
Autore principale: Šagát, Michal
Ente Autore: Národohospodárska fakulta EU. Katedra verejnej správy a regionálneho rozvoja
Altri autori: Kotuľák, Jozef
Natura: Libro
Lingua:slovacco
Pubblicazione: Bratislava 2014
Tags: Aggiungi Tag
Nessun Tag, puoi essere il primo ad aggiungerne!!

MARC

LEADER 00000nbm a2200000 4500
001 0189463
005 20170201090157.1
041 0 |a slo 
044 |a SK 
245 1 0 |a Porovnanie cieľov v strategických dokumentoch dvoch vybraných štátov V4 v oblasti čerpania finančnej pomoci z EÚ  |b bakalárska práca  |c Michal Šagát ; školiteľ: Jozef Kotuľák 
264 1 |a Bratislava  |c 2014 
300 |a 52 s. 
100 1 |a Šagát, Michal 
700 1 |a Kotuľák, Jozef 
710 2 |a Národohospodárska fakulta EU. Katedra verejnej správy a regionálneho rozvoja